| 000 | 00547nam a2200181 i 4500 | ||
|---|---|---|---|
| 001 | 59125 | ||
| 003 | ES-MaACL | ||
| 007 | t| | ||
| 008 | 031027s1982 sp ||||1| spa d | ||
| 100 | 1 |
_aElia, David. _946950 |
|
| 245 | 1 | 3 |
_aLa anticoncepción / _cDavid Elia ; dibujos de Ray Bret Koch ; [traducción Anna Angel]. |
| 250 | _a[1ª ed.]. | ||
| 260 |
_a[Barcelona] : _bArgos Vergara, _c[1982] |
||
| 300 |
_a159 p. : _bil. ; _c26 cm. |
||
| 700 | 1 |
_aKoch, Ray Bret. _968406 |
|
| 700 | 1 |
_aAngel, Anna. _921699 |
|
| 852 |
_aES-MaACL _jL-4059 _bR.104905 |
||
| 999 |
_c59125 _d59125 |
||